| 000 | 00435nam a2200169 4500 | ||
|---|---|---|---|
| 003 | SEACOMMC | ||
| 005 | 20251017132007.0 | ||
| 008 | 230930b |||||||| |||| 00| 0 eng d | ||
| 020 |
_c225.00 _a978-8125940579 |
||
| 040 | _aSEACOMMC | ||
| 082 |
_bSE476 _a658 |
||
| 100 | _aSengupta, Partho S. | ||
| 245 |
_aPrinciples & Practice of Management _cPartho S. Sengupta |
||
| 260 |
_aKolkata _bVikas _c2010 |
||
| 650 | _aManagement | ||
| 942 | _cGBK | ||
| 999 |
_c13 _d13 |
||